<?xml version="1.0" encoding="UTF-8"?>
<record
    xmlns:xsi="http://www.w3.org/2001/XMLSchema-instance"
    xsi:schemaLocation="http://www.loc.gov/MARC21/slim http://www.loc.gov/standards/marcxml/schema/MARC21slim.xsd"
    xmlns="http://www.loc.gov/MARC21/slim">

  <leader>02658    a2200385   4500</leader>
  <controlfield tag="001">54544</controlfield>
  <controlfield tag="005">20260407155819.0</controlfield>
  <controlfield tag="008">260407a1982    arg                 spa d</controlfield>
  <controlfield tag="003">AR-UNSa-BCEJYS</controlfield>
  <datafield tag="040" ind1=" " ind2=" ">
    <subfield code="a">AR-UNSa-BCEJYS</subfield>
    <subfield code="b">spa</subfield>
    <subfield code="c">AR-UNSa-BCEJYS</subfield>
  </datafield>
  <datafield tag="080" ind1=" " ind2=" ">
    <subfield code="a">330.1</subfield>
    <subfield code="x">Ciencia econ&#xF3;mica. Conceptos fundamentales de teor&#xED;a econ&#xF3;mica. Valor. Capital. Fondos</subfield>
  </datafield>
  <datafield tag="245" ind1="1" ind2="0">
    <subfield code="a">La econom&#xED;a como disciplina cientifica</subfield>
    <subfield code="p">ensayos en honor del profesor Dr. Francisco Valsecchi</subfield>
  </datafield>
  <datafield tag="264" ind1=" " ind2="1">
    <subfield code="a">Buenos Aires :</subfield>
    <subfield code="b">Ediciones Macchi</subfield>
    <subfield code="c">1982</subfield>
  </datafield>
  <datafield tag="300" ind1=" " ind2=" ">
    <subfield code="a">308 p.</subfield>
    <subfield code="c">22 cm.</subfield>
  </datafield>
  <datafield tag="505" ind1=" " ind2=" ">
    <subfield code="a">1. Acerca del estatus epistemol&#xF3;gico de las teor&#xED;as econ&#xF3;micas / Mario T. Marzana - 2. Econom&#xED;a estructural y sistemas lineales / Julio H. G. Olivera &#x2013; 3. Valores en econom&#xED;a y en otras ciencias / Vicente V&#xE1;zquez-Presedo &#x2013; 4. Eficiencia, justicia y equidad en lo econ&#xF3;mico / Eduardo A. Zalduendo &#x2013; 5. La tasa interna de retorno y el objetivo de maximizar beneficios / Alfredo Juan Canavese &#x2013; 6. Acceso libre e inestabilidad del equilibrio bion&#xF3;mico &#x2013; Jorge Eduardo Fern&#xE1;ndez-Pol &#x2013; 7. Pol&#xED;tica del tipo de cambio en una econom&#xED;a peque&#xF1;a: el crawlin-peg activo / Rolf Mantel y Ana Mar&#xED;a Martirena-Mantel &#x2013; 8. Aspectos econ&#xF3;micos de las migraciones internacionales de capital humano / Luisa Montuschi &#x2013; 9. Demanda de dinero y formaci&#xF3;n de expectativas. Algunos resultados emp&#xED;ricos en Argentina / El&#xED;as Salama &#x2013; 10. Eficiencia econ&#xF3;mica y distribuci&#xF3;n optima / Ra&#xFA;l E. Cuello &#x2013; 11. Reflexiones acerca de un modelo econ&#xF3;mico argentino para la d&#xE9;cada del ochenta / Alieto Aldo Guadagni &#x2013; 12. Desenvolvimiento hist&#xF3;rico y renovaci&#xF3;n de la ciencia econ&#xF3;mica / Manuel Fern&#xE1;ndez L&#xF3;pez &#x2013; 13. Adam Ferguson: ciencia, virtud y sociedad / Ezequiel Gallo &#x2013; 14. Aspectos anal&#xED;ticos en la doctrina del justo precio de Juan de Matienzo (1520-1579) / Oreste Popescu &#x2013; 15. Oferta monetaria y variaciones en la estructura de los precios relativos: el aporte de R. Cantillon / Javier Villanueva </subfield>
  </datafield>
  <datafield tag="041" ind1=" " ind2=" ">
    <subfield code="a">spa</subfield>
  </datafield>
  <datafield tag="942" ind1=" " ind2=" ">
    <subfield code="c">BK</subfield>
  </datafield>
  <datafield tag="590" ind1=" " ind2=" ">
    <subfield code="a">niveau_biblio:m niveau_hierar:0</subfield>
  </datafield>
  <datafield tag="100" ind1="1" ind2=" ">
    <subfield code="a">Canavese, Alfredo Juan</subfield>
  </datafield>
  <datafield tag="700" ind1="1" ind2=" ">
    <subfield code="a">Cuello, Ra&#xFA;l E.</subfield>
  </datafield>
  <datafield tag="700" ind1="1" ind2=" ">
    <subfield code="a">Fern&#xE1;ndez L&#xF3;pez, Manuel</subfield>
  </datafield>
  <datafield tag="700" ind1="1" ind2=" ">
    <subfield code="a">Fernandez Pol, Jorge E.</subfield>
  </datafield>
  <datafield tag="700" ind1="1" ind2=" ">
    <subfield code="a">Gallo, Ezequiel</subfield>
  </datafield>
  <datafield tag="700" ind1="1" ind2=" ">
    <subfield code="a">Guadagni, Alieto Aldo</subfield>
  </datafield>
  <datafield tag="700" ind1="1" ind2=" ">
    <subfield code="a">Mantel, Rolf R.</subfield>
  </datafield>
  <datafield tag="700" ind1="1" ind2=" ">
    <subfield code="a">Martirena-Mantel, Ana Mar&#xED;a</subfield>
  </datafield>
  <datafield tag="700" ind1="1" ind2=" ">
    <subfield code="a">Marzana, Mario T.</subfield>
  </datafield>
  <datafield tag="700" ind1="1" ind2=" ">
    <subfield code="a">Montuschi, Luisa</subfield>
  </datafield>
  <datafield tag="700" ind1="1" ind2=" ">
    <subfield code="a">Olivera, Julio H.G.</subfield>
  </datafield>
  <datafield tag="700" ind1="1" ind2=" ">
    <subfield code="a">Popescu, Oreste</subfield>
  </datafield>
  <datafield tag="700" ind1="1" ind2=" ">
    <subfield code="a">Salama, El&#xED;as</subfield>
  </datafield>
  <datafield tag="700" ind1="1" ind2=" ">
    <subfield code="a">V&#xE1;zquez-Presedo, Vicente</subfield>
  </datafield>
  <datafield tag="700" ind1="1" ind2=" ">
    <subfield code="a">Villanueva, Javier</subfield>
  </datafield>
  <datafield tag="700" ind1="1" ind2=" ">
    <subfield code="a">Zalduendo, Eduardo A.</subfield>
  </datafield>
  <datafield tag="999" ind1=" " ind2=" ">
    <subfield code="c">5624</subfield>
    <subfield code="d">5624</subfield>
  </datafield>
  <datafield tag="952" ind1=" " ind2=" ">
    <subfield code="0">0</subfield>
    <subfield code="1">0</subfield>
    <subfield code="4">0</subfield>
    <subfield code="7">0</subfield>
    <subfield code="a">BCEJYS</subfield>
    <subfield code="b">BCEJYS</subfield>
    <subfield code="c">16</subfield>
    <subfield code="d">2026-04-07</subfield>
    <subfield code="l">0</subfield>
    <subfield code="o">330.1 E19</subfield>
    <subfield code="p">L39379</subfield>
    <subfield code="r">2026-04-07 15:58:19</subfield>
    <subfield code="w">2026-04-07</subfield>
    <subfield code="y">L</subfield>
  </datafield>
</record>
